[Event "41st Olympiad Women 2014"]
[Site "Tromso NOR"]
[Date "2014.08.10"]
[Round "8.42"]
[Board "3"]
[White "Smith, Melisha"]
[Black "Methmali, Y."]
[Result "1/2-1/2"]
[WhiteTitle "WCM"]
[BlackTitle "WCM"]
[WhiteElo "1747"]
[BlackElo "1727"]
[WhiteTeam "Jamaica"]
[BlackTeam "Sri Lanka"]
[WhiteFideId "7400691"]
[BlackFideId "9900888"]
[EventDate "2014.08.02"]

1. d4 Nf6 2. Nf3 e6 3. c4 b6 4. g3 Ba6 5. Qa4 Bb7 6. Bg2 Be7 7. O-O O-O 8. Nc3
c5 9. e3 a6 10. Qb3 Nc6 11. Na4 cxd4 12. Qxb6 Qxb6 13. Nxb6 Rab8 14. exd4 Nxd4
15. Nxd4 Bxg2 16. Kxg2 Rxb6 17. b3 d5 18. Bf4 Rc8 19. Rfc1 Ba3 20. Rc2 dxc4 21.
bxc4 h6 22. Bc1 Bd6 23. Bd2 Be5 24. Be3 Ng4 25. Rd1 Nxe3+ 26. fxe3 Rcb8 27. c5
Rb2 28. Rdd2 Rxc2 29. Rxc2 Bxd4 30. exd4 Kf8 31. Kf3 Ke7 32. Ke4 f6 33. d5 Rb4+
34. Kd3 exd5 35. c6 Kd8 36. c7+ Kc8 37. h3 Ra4 38. g4 h5 39. gxh5 Rh4 40. Rg2
Rxh3+ 41. Kd4 Kxc7 42. Rxg7+ Kd6 43. Ra7 Rh4+ 44. Kd3 Rxh5 45. Rxa6+ Ke5 46. Ra8
Rh3+ 47. Ke2 f5 48. a4 Ra3 49. a5 Kd6 50. a6 Kc7 51. a7 Kb6 52. Rd8 Rxa7 53.
Rxd5 Rf7 54. Kf3 Kc6 55. Re5 1/2-1/2

[Event "41st Olympiad Women 2014"]
[Site "Tromso NOR"]
[Date "2014.08.10"]
[Round "8.42"]
[Board "4"]
[White "Thilakawardana, Supeshala"]
[Black "Smith, Annesha"]
[Result "1-0"]
[WhiteTitle "WFM"]
[WhiteElo "1729"]
[BlackElo "1768"]
[WhiteTeam "Sri Lanka"]
[BlackTeam "Jamaica"]
[WhiteFideId "9902759"]
[BlackFideId "7400683"]
[EventDate "2014.08.02"]

1. d4 Nf6 2. Nf3 e6 3. e3 b6 4. Bd3 Bb7 5. Nbd2 d5 6. Ne5 Nbd7 7. f4 Nxe5 8.
fxe5 Ne4 9. Bxe4 dxe4 10. O-O Be7 11. Qg4 O-O 12. Nxe4 Kh8 13. Ng3 g6 14. c3 c5
15. e4 Qe8 16. Bh6 Rg8 17. Be3 Rb8 18. Rf2 g5 19. Nh5 Rg6 20. Nf6 Bxf6 21. Rxf6
Rxf6 22. exf6 h6 23. Qh5 Qf8 24. Bxg5 Bxe4 25. Bxh6 Bg6 26. Bg7+ 1-0

[Event "41st Olympiad Women 2014"]
[Site "Tromso NOR"]
[Date "2014.08.10"]
[Round "8.43"]
[Board "1"]
[White "Mwango, Lorita"]
[Black "Matoussi, Amina"]
[Result "1/2-1/2"]
[WhiteTitle "WFM"]
[BlackTitle "WFM"]
[WhiteElo "1874"]
[BlackElo "1747"]
[WhiteTeam "Zambia"]
[BlackTeam "Tunisia"]
[WhiteFideId "8700478"]
[BlackFideId "5501164"]
[EventDate "2014.08.02"]

1. c4 d6 2. d4 Nf6 3. Nc3 g6 4. e4 Bg7 5. Nf3 O-O 6. Be2 c6 7. O-O Qc7 8. Bg5 e5
9. d5 Nbd7 10. Rc1 Nc5 11. Nd2 Ne8 12. b4 Na6 13. b5 Nb8 14. Be3 c5 15. h3 f5
16. f3 f4 17. Bf2 Qe7 18. Kh2 Nf6 19. Rg1 Nh5 20. Nf1 Nd7 21. Rc2 Ndf6 22. Rb2
h6 23. Na4 Nh7 24. Qe1 Qd7 25. Rh1 Ng5 26. Kg1 Nh7 27. Qa5 g5 28. Be1 Qd8 29.
Qxd8 Rxd8 30. h4 N5f6 31. hxg5 hxg5 32. g4 Bd7 33. Ba5 b6 34. Be1 Rdb8 35. Nc3
a5 36. Na4 Nf8 37. Bd3 Ng6 38. Rbh2 Kf7 39. Nd2 Ke7 40. Nb1 Kd8 41. Nbc3 Kc7 42.
Nd1 Rh8 43. Be2 Rxh2 44. Rxh2 Rh8 45. Rxh8 Bxh8 46. Nf2 Nh7 47. Nd1 Bf6 48. Ndb2
Bd8 1/2-1/2

[Event "41st Olympiad Women 2014"]
[Site "Tromso NOR"]
[Date "2014.08.10"]
[Round "8.43"]
[Board "2"]
[White "Matoussi, Amani"]
[Black "Mbatha, Constance"]
[Result "0-1"]
[WhiteElo "1627"]
[BlackElo "1677"]
[WhiteTeam "Tunisia"]
[BlackTeam "Zambia"]
[WhiteFideId "5501156"]
[BlackFideId "8700591"]
[EventDate "2014.08.02"]

1. d4 e6 2. Nf3 Nf6 3. e3 Be7 4. Bd3 d5 5. O-O O-O 6. b3 c5 7. Bb2 Nc6 8. Ne5
Bd7 9. Nd2 Rc8 10. a3 cxd4 11. exd4 a6 12. c4 Bd6 13. c5 Bb8 14. Ndf3 h6 15. b4
Be8 16. Re1 Nh7 17. Bc1 Qf6 18. Ng4 Qe7 19. Nxh6+ gxh6 20. Bxh6 Bd7 21. Bxh7+
Kxh7 22. Bxf8 Rxf8 23. Re3 Rh8 24. Ne5 Nxe5 25. dxe5 Kg7 26. Rg3+ Kf8 27. f4 Ke8
28. Qg4 Qf8 29. Qg5 Bc7 30. Rf1 Bd8 31. Qg4 Be7 32. Qd1 Bc6 33. f5 exf5 34. Rxf5
Rg8 35. Rgf3 Qg7 36. Rf2 Rf8 37. Qd4 Qh6 38. Rf1 Rh8 39. h3 Rf8 40. Qf2 Qg7 41.
g4 Qh7 42. Qg3 Bd7 43. R5f3 Bh4 44. Qf4 Be7 45. e6 Bxe6 46. Qb8+ Bd8 47. Qxb7
Qe4 48. Qxa6 Qe5 49. Qb5+ Ke7 50. Qd3 Bc7 51. R1f2 Qe1+ 52. Kg2 Qe5 53. Kg1 Qe1+
54. Rf1 Qe5 55. R3f2 Rg8 56. Re2 Qg3+ 57. Qxg3 Bxg3 58. Rf3 Bc7 59. a4 Ra8 60.
Ra3 Kd7 61. Kf2 Kc6 62. Ke3 Be5 63. Kf3 Bg7 64. h4 d4 65. g5 Rd8 66. Rd2 Rh8 67.
Rh2 Be5 68. Rc2 Rxh4 69. b5+ Kc7 70. Ke2 Rh2+ 71. Kd1 Rh1+ 72. Ke2 Rh2+ 73. Kd1
Rh1+ 74. Ke2 Rh2+ 75. Kd1 Bg4+ 76. Kc1 Rh1+ 0-1

[Event "41st Olympiad Women 2014"]
[Site "Tromso NOR"]
[Date "2014.08.10"]
[Round "8.43"]
[Board "4"]
[White "Krifa, Najla"]
[Black "Saina, Yvonne"]
[Result "1/2-1/2"]
[WhiteTitle "WFM"]
[WhiteElo "1759"]
[BlackElo "1752"]
[WhiteTeam "Tunisia"]
[BlackTeam "Zambia"]
[WhiteFideId "5501040"]
[BlackFideId "8700702"]
[EventDate "2014.08.02"]

1. e4 c5 2. Nc3 d6 3. g3 Nf6 4. Bg2 e6 5. d3 Be7 6. Nge2 a6 7. O-O Nc6 8. h3 O-O
9. f4 d5 10. Kh2 dxe4 11. Nxe4 Nxe4 12. Bxe4 Qc7 13. Be3 b6 14. Rf2 Bb7 15. Qh1
Rad8 16. a3 Rd7 17. Rb1 f5 18. Bg2 a5 19. Rd1 Bf6 20. Rb1 g6 21. Rff1 Rfd8 22.
Qg1 Nd4 23. Bxd4 Bxd4 24. Nxd4 Rxd4 25. Bxb7 Qxb7 26. Qe3 Qd5 27. Rbe1 Kf7 28.
Rf2 c4 29. dxc4 Qxc4 30. c3 R4d6 31. Qe2 1/2-1/2

[Event "41st Olympiad Women 2014"]
[Site "Tromso NOR"]
[Date "2014.08.10"]
[Round "8.44"]
[Board "1"]
[White "Taweesupmun, Chanida"]
[Black "Cori T., Deysi"]
[Result "0-1"]
[WhiteTitle "WCM"]
[BlackTitle "WGM"]
[WhiteElo "1838"]
[BlackElo "2422"]
[WhiteTeam "Thailand"]
[BlackTeam "Peru"]
[WhiteFideId "6200117"]
[BlackFideId "3801934"]
[EventDate "2014.08.02"]

1. d4 Nf6 2. c4 g6 3. Nc3 Bg7 4. Nf3 d5 5. e3 O-O 6. Be2 c5 7. dxc5 Qa5 8. Bd2
Qxc5 9. Qb3 dxc4 10. Qxc4 Qxc4 11. Bxc4 Nc6 12. O-O Bg4 13. Be2 Rfd8 14. Rfd1
Nd5 15. Rac1 Ndb4 16. Nd4 Bxe2 17. Ndxe2 Ne5 18. a3 Nbd3 19. Rc2 Rac8 20. Bc1
Nc4 21. Nb5 Bxb2 22. Bxb2 Ndxb2 23. Rdc1 Nd3 24. Rd1 a6 25. Nbd4 Ndb2 26. Rdc1
b5 27. g3 Nd3 28. Rd1 Nc5 29. Rdc1 Rd7 30. Rc3 e5 31. Nf3 Rcd8 32. R1c2 Rd1+ 33.
Kg2 Nd3 34. Ra2 Rd6 35. a4 Rf6 36. e4 h5 37. h4 Rxf3 38. Kxf3 Ne1# 0-1

[Event "41st Olympiad Women 2014"]
[Site "Tromso NOR"]
[Date "2014.08.10"]
[Round "8.44"]
[Board "2"]
[White "Apaza, Flor"]
[Black "Atthaworadej, Worasuda"]
[Result "1/2-1/2"]
[BlackTitle "WCM"]
[WhiteElo "1552"]
[BlackElo "1749"]
[WhiteTeam "Peru"]
[BlackTeam "Thailand"]
[WhiteFideId "3801888"]
[BlackFideId "6201563"]
[EventDate "2014.08.02"]

1. Nf3 c5 2. c4 g6 3. Nc3 Bg7 4. g3 Nf6 5. Bg2 O-O 6. O-O Nc6 7. a3 d6 8. Rb1
Be6 9. d3 a6 10. Bd2 Rb8 11. b4 cxb4 12. axb4 b5 13. cxb5 axb5 14. Qc1 Qc8 15.
Bh6 Bh3 16. Bxh3 Qxh3 17. Bxg7 Kxg7 18. Ne4 Nxe4 19. Qxc6 Nf6 20. Qc7 Rfe8 21.
Rfc1 Nd5 22. Qa7 Qe6 23. e4 Nf6 24. Rc7 Ra8 25. Qb6 Reb8 26. Rb7 Rxb7 27. Qxb7
Ra2 28. Kg2 Qd7 29. Qxd7 Nxd7 30. Nd4 Ne5 31. Nxb5 Nxd3 32. Nc3 Rxf2+ 33. Kg1
Rc2 34. Nd5 e6 35. Ne3 Re2 36. Nc4 Rxe4 37. Nxd6 Rxb4 38. Rf1 f5 39. Rd1 Nc5 40.
Rc1 Ne4 41. Rc7+ Kf6 42. Ne8+ Ke5 43. Rxh7 Nf6 44. Nxf6 Kxf6 45. Ra7 Rb6 46. Kg2
e5 47. Ra8 e4 48. Kf1 Kg5 49. h3 Re6 50. Ke2 Kf6 51. Ke3 Re7 52. Ra6+ Re6 53.
Ra8 Re7 54. Rb8 Re6 55. Ra8 1/2-1/2

[Event "41st Olympiad Women 2014"]
[Site "Tromso NOR"]
[Date "2014.08.10"]
[Round "8.44"]
[Board "4"]
[White "Valdivia Cano, Nicole"]
[Black "Vongvastana, Chananchida"]
[Result "1-0"]
[WhiteElo "1550"]
[BlackElo "1565"]
[WhiteTeam "Peru"]
[BlackTeam "Thailand"]
[WhiteFideId "3817504"]
[BlackFideId "6202179"]
[EventDate "2014.08.02"]

1. e4 e5 2. Bc4 Nf6 3. d3 h6 4. Nc3 Nc6 5. Be3 d6 6. Qd2 Ng4 7. Nf3 Ne7 8. h3
Nxe3 9. fxe3 Ng6 10. O-O Be7 11. Bxf7+ Kxf7 12. Nxe5+ Kg8 13. Nxg6 Rh7 14. Nd5
Bf6 15. Qf2 Bd7 16. Nde7+ Kf7 17. Qg3 Ke8 18. Nd5 Be6 19. Nxf6+ gxf6 20. Qh4 Kf7
21. Qh5 Kg8 22. Rf3 Bf7 23. Rg3 Qe8 24. Ne5+ Kf8 25. Nxf7 Qxf7 26. Qxf7+ Kxf7
27. Rf1 Ke7 28. Rg6 Rf8 29. Rf5 c6 30. Kf2 Ke6 31. c4 a6 32. a4 Rff7 33. g4 Rf8
34. Kg3 a5 35. Kh4 b6 36. Kh5 Ke7 37. h4 Rff7 38. Rxh6 Rxh6+ 39. Kxh6 Rf8 40. h5
Rg8 41. g5 Rh8+ 42. Kg7 Rxh5 43. gxf6+ 1-0

[Event "41st Olympiad Women 2014"]
[Site "Tromso NOR"]
[Date "2014.08.10"]
[Round "8.45"]
[Board "1"]
[White "Zepeda, Lorena"]
[Black "Blackman, Katrina"]
[Result "1-0"]
[WhiteTitle "WIM"]
[BlackTitle "WCM"]
[WhiteElo "2158"]
[BlackElo "1627"]
[WhiteTeam "El Salvador"]
[BlackTeam "Barbados"]
[WhiteFideId "6700233"]
[BlackFideId "11100540"]
[EventDate "2014.08.02"]

1. e4 e6 2. d3 d5 3. Nd2 c5 4. Ngf3 Nc6 5. g3 Bd6 6. Bg2 Nge7 7. O-O O-O 8. Re1
f6 9. c3 d4 10. a4 e5 11. h4 Be6 12. Nh2 b6 13. c4 Qd7 14. Ndf1 Rab8 15. f4 f5
16. exf5 Bxf5 17. g4 Bg6 18. f5 Be8 19. Ng3 Kh8 20. Be4 Nc8 21. Nf3 Bc7 22. Ng5
Bf7 23. f6 Bg6 24. fxg7+ Kxg7 25. Nf5+ Kh8 26. h5 Bxf5 27. Bxf5 Qd6 28. Ne4 Qe7
29. Bg5 Qg7 30. h6 Qf7 31. Bf6+ Kg8 32. Bg7 N8e7 33. Ng5 Nxf5 34. Nxf7 Nxg7 35.
Ng5 Ne8 36. Ne6 Rf6 37. Nxc7 Nxc7 38. Rf1 Rxh6 39. Qf3 Na6 40. Qf7+ Kh8 41. Rf6
Rh4 42. Rxc6 Rxg4+ 43. Kh2 Rh4+ 44. Kg3 Rf4 45. Qh5 Rg8+ 46. Kh3 1-0

[Event "41st Olympiad Women 2014"]
[Site "Tromso NOR"]
[Date "2014.08.10"]
[Round "8.45"]
[Board "2"]
[White "Murray, Donna"]
[Black "Sanchez, Ingrid"]
[Result "0-1"]
[BlackTitle "WFM"]
[WhiteElo "1454"]
[BlackElo "2020"]
[WhiteTeam "Barbados"]
[BlackTeam "El Salvador"]
[WhiteFideId "11102470"]
[BlackFideId "6700217"]
[EventDate "2014.08.02"]

1. d4 d5 2. c4 c6 3. e3 Nf6 4. Nc3 g6 5. Nf3 Bg7 6. Bd3 O-O 7. O-O Nbd7 8. Bd2
Re8 9. cxd5 cxd5 10. Rc1 e5 11. Bb1 e4 12. Ng5 Nb6 13. a3 Nc4 14. Qc2 h6 15. Nh3
Bxh3 16. gxh3 Rc8 17. Kh1 Qd7 18. Rg1 Qxh3 19. Rg3 Qf5 20. Rg2 h5 21. Rcg1 h4
22. Bc1 h3 23. Rg3 Nh5 24. Qe2 Nxg3+ 25. hxg3 Nxa3 26. Nxd5 Nxb1 27. Nf4 Rc7 28.
Bd2 Nxd2 29. Qxd2 Rec8 30. Kh2 Rc2 31. Qb4 Rxf2+ 32. Kh1 Qg4 33. Qxb7 Qf3+ 0-1

[Event "41st Olympiad Women 2014"]
[Site "Tromso NOR"]
[Date "2014.08.10"]
[Round "8.45"]
[Board "3"]
[White "Garcia, Alcira"]
[Black "Ramsay, Sheena"]
[Result "1-0"]
[BlackTitle "WCM"]
[WhiteElo "1692"]
[BlackElo "1579"]
[WhiteTeam "El Salvador"]
[BlackTeam "Barbados"]
[WhiteFideId "6702945"]
[BlackFideId "11101610"]
[EventDate "2014.08.02"]

1. e4 e6 2. d4 d5 3. Nd2 Nf6 4. e5 Nfd7 5. Bd3 c5 6. c3 Nc6 7. Ngf3 g6 8. O-O
Bg7 9. Re1 O-O 10. Nf1 Qb6 11. Bc2 f6 12. dxc5 Qxc5 13. Be3 Qe7 14. exf6 Nxf6
15. Ng3 Qc7 16. h3 Bd7 17. Qd2 b6 18. Bf4 Qb7 19. Bh6 Rad8 20. Bxg7 Kxg7 21. Ne5
Nxe5 22. Rxe5 Qc7 23. Rae1 Ne4 24. Qd4 Nf6 25. Rg5 Kg8 26. Bxg6 1-0

[Event "41st Olympiad Women 2014"]
[Site "Tromso NOR"]
[Date "2014.08.10"]
[Round "8.45"]
[Board "4"]
[White "Nurse, Lydia"]
[Black "Melendez, Gabriela"]
[Result "0-1"]
[BlackTitle "WFM"]
[WhiteElo "1364"]
[BlackElo "1877"]
[WhiteTeam "Barbados"]
[BlackTeam "El Salvador"]
[WhiteFideId "11101261"]
[BlackFideId "6700705"]
[EventDate "2014.08.02"]

1. d4 d5 2. Nf3 Nf6 3. Bg5 Nbd7 4. Nbd2 b6 5. e3 Bb7 6. Bd3 Qc8 7. O-O e6 8. c3
Bd6 9. Re1 Ne4 10. Bh4 h6 11. Rc1 O-O 12. Qc2 f5 13. c4 g5 14. Bg3 Qe8 15. Bxd6
cxd6 16. Qa4 g4 17. Nh4 Nxd2 18. cxd5 Nf6 19. Qxe8 Nxe8 20. dxe6 Ne4 21. f3 gxf3
22. gxf3 Ng5 23. e7 Rf6 24. Rf1 Kf7 25. Bxf5 Kxe7 26. Rc3 Nxf3+ 27. Nxf3 Rxf5
28. Nh4 Rxf1+ 29. Kxf1 Rc8 30. Rxc8 Bxc8 31. b4 Nf6 32. Kf2 Ng4+ 33. Kg3 Nxe3
34. Kf4 Nc2 35. Nf5+ Bxf5 36. Kxf5 Nxd4+ 37. Kg6 Nf3 38. h3 d5 39. Kf5 Kd6 40.
Kf4 Ne1 41. Kg4 Ke5 0-1

[Event "41st Olympiad Women 2014"]
[Site "Tromso NOR"]
[Date "2014.08.10"]
[Round "8.46"]
[Board "1"]
[White "Aguilar, Filipina"]
[Black "Ortiz, Katherine Berenice"]
[Result "1-0"]
[WhiteTitle "WCM"]
[BlackTitle "WFM"]
[WhiteElo "1820"]
[BlackElo "1864"]
[WhiteTeam "Malta"]
[BlackTeam "Honduras"]
[WhiteFideId "5600464"]
[BlackFideId "8400474"]
[EventDate "2014.08.02"]

1. d4 d5 2. c4 c6 3. Nc3 Nf6 4. e3 Bf5 5. cxd5 cxd5 6. Qb3 Bc8 7. Nf3 e6 8. Bd3
Be7 9. O-O O-O 10. Ne5 Nc6 11. f4 Nd7 12. Bd2 f6 13. Nxd7 Bxd7 14. Rf3 f5 15.
Raf1 Rc8 16. Qd1 a6 17. Rh3 Be8 18. Kh1 Bg6 19. Be2 b5 20. Rg1 Qd7 21. g4 b4 22.
Na4 Rb8 23. g5 a5 24. Bh5 Kf7 25. Be2 Na7 26. Nc5 Bxc5 27. dxc5 Rfc8 28. Qc2 Rc7
29. a3 Nc6 30. Rc1 bxa3 31. bxa3 Rcb7 32. a4 Rb2 33. Qd1 Qc7 34. Bb5 Na7 35. Bc3
R8xb5 36. axb5 Rxb5 37. Be5 Qb7 38. Rg3 Kg8 39. Rg2 Be8 40. Kg1 Bc6 41. Bd4 Rb3
42. Ra2 a4 43. Qd2 Qb5 44. Rb2 Rxb2 45. Bxb2 Qb3 46. Qd4 Qb7 47. Qe5 Qd7 48. h4
Nb5 49. h5 Nc7 50. Rb1 Ne8 51. h6 Bb5 52. hxg7 Bc4 53. Bd4 Bb3 54. Kf2 Qc8 55.
Rh1 Qd7 56. g6 1-0

[Event "41st Olympiad Women 2014"]
[Site "Tromso NOR"]
[Date "2014.08.10"]
[Round "8.46"]
[Board "3"]
[White "Farrugia, Jamie"]
[Black "Fernandez, Mirna Graciela"]
[Result "1-0"]
[WhiteTitle "WCM"]
[WhiteElo "1541"]
[BlackElo "1521"]
[WhiteTeam "Malta"]
[BlackTeam "Honduras"]
[WhiteFideId "5600898"]
[BlackFideId "8400482"]
[EventDate "2014.08.02"]

1. e4 e5 2. Nf3 Nc6 3. Bc4 Nf6 4. Ng5 d5 5. exd5 Nxd5 6. Qf3 Qxg5 7. Bxd5 Nd8 8.
O-O c6 9. Bc4 Qg6 10. d3 Be6 11. Nd2 Bd6 12. Re1 O-O 13. Bb3 f5 14. Nc4 Bxc4 15.
Bxc4+ Kh8 16. Qe2 a5 17. c3 Nf7 18. Rd1 Rfe8 19. Qf3 Rad8 20. Be3 Bc7 21. h3 Nd6
22. Bb3 f4 23. Bc5 Nf5 24. Qe4 Qf6 25. Re1 b6 26. Ba3 c5 27. Ba4 Re7 28. Qc6
Qxc6 29. Bxc6 Rxd3 30. Be4 Rd2 31. Bxf5 g6 32. Be4 Re8 33. Rad1 Red8 34. Bf3 Kg7
35. Rxd2 Rxd2 36. Rd1 Rxd1+ 37. Bxd1 Kf6 38. b4 Bd6 39. b5 e4 40. Bc1 g5 41. Bc2
Be5 42. c4 h6 43. Bxe4 Bd4 44. Kf1 Ke5 45. Bh7 Ba1 46. Bd2 Kd4 47. Ke2 Kxc4 48.
Bd3+ Kd4 49. Bc2 Kc4 50. a4 Kd4 51. h4 Bb2 52. hxg5 hxg5 53. g3 Ke5 54. Kf3 fxg3
55. Kxg3 Kf6 56. Kg4 Be5 57. Bxg5+ Ke6 58. Bb3+ Kd7 59. Kf5 Bd4 60. Be6+ Kc7 61.
f3 Bc3 62. Bf4+ Kd8 63. Ke4 Ke7 64. Kd5 Bd4 65. Bf5 Kd8 66. Kc6 c4 67. Bc7+ 1-0

[Event "41st Olympiad Women 2014"]
[Site "Tromso NOR"]
[Date "2014.08.10"]
[Round "8.47"]
[Board "1"]
[White "Lebel-Arias, Julia"]
[Black "Vilhete, Vania Fausto Da T."]
[Result "1-0"]
[WhiteTitle "WIM"]
[BlackTitle "WIM"]
[WhiteElo "1859"]
[BlackElo "1832"]
[WhiteTeam "Monaco"]
[BlackTeam "Mozambique"]
[WhiteFideId "602019"]
[BlackFideId "14800144"]
[EventDate "2014.08.02"]

1. d4 d5 2. Nf3 e6 3. c3 c5 4. e3 Nf6 5. Bd3 Bd6 6. Nbd2 Nc6 7. h3 Qc7 8. Qe2 e5
9. dxc5 Bxc5 10. e4 O-O 11. exd5 Nxd5 12. Qe4 Nf6 13. Qh4 Ne7 14. Ne4 Nxe4 15.
Bxe4 f5 16. Bc2 Ng6 17. Bb3+ Kh8 18. Qh5 Nf4 19. Bxf4 exf4 20. O-O Be7 21. Rfe1
Bf6 22. Nh4 Bxh4 23. Qxh4 Bd7 24. Re7 Rf6 25. Rd1 Rd6 26. Rde1 Rh6 27. Qg5 Rg6
28. Qh5 Qc6 29. f3 Qc5+ 30. Kh1 Qf2 31. R1e2 Qf1+ 32. Kh2 Rf8 33. Qh4 Bc6 34.
Qxf4 a6 35. Bf7 Rf6 36. Bc4 Qd1 37. Rd2 Qa4 38. Rd4 Qa5 39. b4 Qb6 40. Bb3 Qa7
41. Qc7 Qb8 42. Rxg7 Qxc7+ 43. Rxc7 Re8 44. Rd2 Rg6 45. Bf7 1-0

[Event "41st Olympiad Women 2014"]
[Site "Tromso NOR"]
[Date "2014.08.10"]
[Round "8.47"]
[Board "4"]
[White "Castro, Neusa Aridas De"]
[Black "Lomandong, Noela-Joyce"]
[Result "0-1"]
[WhiteElo "1467"]
[BlackElo "1616"]
[WhiteTeam "Mozambique"]
[BlackTeam "Monaco"]
[WhiteFideId "14800250"]
[BlackFideId "5400384"]
[EventDate "2014.08.02"]

1. e4 e5 2. Nf3 Nc6 3. Bc4 Be7 4. a3 Nf6 5. Nc3 O-O 6. O-O Nxe4 7. Nxe4 d5 8.
Bxd5 Qxd5 9. Nc3 Qd8 10. h3 Be6 11. d3 f6 12. Be3 f5 13. Re1 Bf6 14. Nh2 Re8 15.
f4 exf4 16. Bxf4 Bd4+ 17. Be3 Bxe3+ 18. Kh1 Bb6 19. Nf3 Qf6 20. Rb1 Bf7 21. Rf1
g5 22. Nh2 Nd4 23. Qd2 h6 24. Ne4 Qg6 25. Ng3 Bd5 26. c3 f4 27. cxd4 fxg3 28.
Nf3 Bxf3 29. Rxf3 Bxd4 30. Rxg3 Re6 31. Qd1 Rae8 32. Qb3 Qf7 33. Qd1 Re1+ 34.
Qxe1 Rxe1+ 35. Rxe1 Bf2 36. Rf3 Bxe1 37. Rxf7 Kxf7 38. g4 Ke6 39. Kg2 Kd5 40.
Kf3 Bd2 41. b4 b5 42. Ke2 Bc1 43. Kd1 Bxa3 44. Kc2 Bxb4 0-1

[Event "41st Olympiad Women 2014"]
[Site "Tromso NOR"]
[Date "2014.08.10"]
[Round "8.48"]
[Board "2"]
[White "Amoko, Ivy Claire"]
[Black "Wambugu, Jane Wanjiru"]
[Result "1-0"]
[WhiteTitle "WCM"]
[BlackTitle "WCM"]
[WhiteElo "1803"]
[BlackElo "1530"]
[WhiteTeam "Uganda"]
[BlackTeam "Kenya"]
[WhiteFideId "10000291"]
[BlackFideId "10800310"]
[EventDate "2014.08.02"]

1. e4 g6 2. d4 c6 3. Bc4 d5 4. exd5 cxd5 5. Bb3 Bg7 6. Ne2 Bf5 7. Ng3 Be6 8. O-O
Nh6 9. c3 O-O 10. Re1 Qc7 11. Nd2 Rd8 12. Ndf1 Nc6 13. h4 Bg4 14. f3 Bc8 15. h5
Nf5 16. Nxf5 gxf5 17. f4 Bh6 18. Qf3 Qd6 19. Ng3 Kh8 20. Bc2 Qf6 21. Qd3 e6 22.
Kf2 Rg8 23. Rh1 Bd7 24. Bd2 Rg7 25. Rag1 Rag8 26. Ne2 Rg4 27. g3 a6 28. b4 Ne7
29. a4 b5 30. Ra1 Nc8 31. Rhg1 Nd6 32. Be1 Ne4+ 33. Kf1 Bc6 34. Bb3 Qe7 35. axb5
Bxb5 36. c4 dxc4 37. Bxc4 Qb7 38. Bxb5 Qxb5 39. Qxb5 axb5 40. Ra7 Nd6 41. Ra6
Bf8 42. Rb6 Be7 43. Nc3 Nc4 44. Rxb5 Ne3+ 45. Kf2 Nc2 46. Ne2 Rd8 47. Bc3 Bf6
48. Rd1 Rgg8 49. Ra5 Rb8 50. b5 Ra8 51. Rxa8 Rxa8 52. Rb1 Ra2 53. b6 Nxd4 54.
Rb2 Rxb2 55. Bxb2 Nc6 56. Bxf6+ Kg8 57. b7 Kf8 58. Be5 Ke8 59. Nd4 1-0

[Event "41st Olympiad Women 2014"]
[Site "Tromso NOR"]
[Date "2014.08.10"]
[Round "8.48"]
[Board "3"]
[White "Shah, Riya"]
[Black "Kigeni, Grace"]
[Result "0-1"]
[WhiteTitle "WCM"]
[WhiteElo "1289"]
[BlackElo "1676"]
[WhiteTeam "Kenya"]
[BlackTeam "Uganda"]
[WhiteFideId "10800387"]
[BlackFideId "10000313"]
[EventDate "2014.08.02"]

1. e4 c5 2. Nf3 e6 3. d4 cxd4 4. Nxd4 a6 5. Nc3 Qc7 6. a3 Nf6 7. h3 b5 8. Bd2
Bb7 9. Bd3 Be7 10. Qe2 d6 11. f4 Nbd7 12. Nb3 Rc8 13. Rc1 O-O 14. g4 Nc5 15.
Nxc5 dxc5 16. Qe3 c4 17. Bf1 Bc5 18. Qe2 Rfe8 19. Bg2 Rcd8 20. g5 Nd5 21. Nxd5
exd5 22. e5 d4 23. Bxb7 Qxb7 24. Rf1 d3 25. Qf3 Qd7 26. cxd3 Qxd3 27. Qxd3 Rxd3
28. Rc3 Red8 29. Rxd3 Rxd3 30. Rh1 Rb3 31. Bc1 Bd4 32. Rh2 Be3 33. Kd1 Bxc1 34.
Kxc1 Kf8 35. f5 Re3 36. f6 Rxe5 37. Rd2 gxf6 38. gxf6 Ke8 39. Rf2 Kd7 40. Kc2
Ke6 41. Rf3 Rf5 42. Rg3 Kxf6 43. Kc3 a5 44. b4 cxb3 45. Kxb3 Rf4 46. Rd3 Ke5 47.
Rg3 f5 48. Rc3 a4+ 49. Kb2 Kd4 50. Rc7 h5 51. Rb7 Rf2+ 52. Kb1 Kc4 53. Rc7+ Kb3
54. Kc1 Kxa3 55. Rh7 Kb3 56. Rxh5 a3 57. Rh6 a2 58. Ra6 Rh2 59. Ra5 a1=Q+ 60.
Rxa1 Rh1+ 61. Kd2 Rxa1 62. Ke3 Ra4 0-1

[Event "41st Olympiad Women 2014"]
[Site "Tromso NOR"]
[Date "2014.08.10"]
[Round "8.49"]
[Board "1"]
[White "Hazim Gonzalez, Elizabeth"]
[Black "Zsiltzova-Lisenko, Lubov"]
[Result "0-1"]
[WhiteTitle "WCM"]
[BlackTitle "WIM"]
[WhiteElo "1833"]
[BlackElo "2262"]
[WhiteTeam "Dominican Republic"]
[BlackTeam "IBCA"]
[WhiteFideId "6400183"]
[BlackFideId "14101360"]
[EventDate "2014.08.02"]

1. e4 c5 2. Nc3 Nc6 3. g3 g6 4. Bg2 Bg7 5. d3 Rb8 6. f4 d6 7. Nf3 Nd4 8. O-O Bg4
9. h3 Nxf3+ 10. Bxf3 Bxh3 11. Rf2 Bd4 12. Qe2 Bxf2+ 13. Kxf2 Nf6 14. e5 dxe5 15.
Qxe5 Qd4+ 16. Qxd4 cxd4 17. Nb5 O-O 18. Nxd4 Rfd8 19. Be3 Ng4+ 20. Ke2 Nxe3 21.
Kxe3 Bd7 22. Re1 b6 23. Kd2 e6 24. g4 Rbc8 25. g5 Kg7 26. Re5 Rh8 27. b3 h6 28.
gxh6+ Rxh6 29. Rg5 Rh2+ 30. Rg2 Rch8 31. Rxh2 Rxh2+ 32. Be2 f6 33. Nf3 Rh3 34.
Ke3 Bc6 35. Kf2 Bxf3 36. Bxf3 f5 37. Bg2 Rh8 38. c4 Kf6 39. d4 g5 40. fxg5+ Kxg5
41. a3 Kf4 42. d5 e5 43. b4 Rc8 44. Bf1 e4 45. d6 Rc6 46. c5 bxc5 47. bxc5 Rxc5
48. d7 Rd5 49. Bb5 Rd2+ 0-1

[Event "41st Olympiad Women 2014"]
[Site "Tromso NOR"]
[Date "2014.08.10"]
[Round "8.49"]
[Board "2"]
[White "Stolarczyk, Anna"]
[Black "Jose Polanco, Kenia"]
[Result "1/2-1/2"]
[WhiteTitle "WCM"]
[BlackTitle "WCM"]
[WhiteElo "1994"]
[BlackElo "1918"]
[WhiteTeam "IBCA"]
[BlackTeam "Dominican Republic"]
[WhiteFideId "1126423"]
[BlackFideId "6401074"]
[EventDate "2014.08.02"]

1. d4 Nf6 2. c4 g6 3. Nc3 Bg7 4. e4 d6 5. h3 O-O 6. Be3 a5 7. Bd3 e5 8. d5 Na6
9. Nge2 c6 10. O-O Ne8 11. dxc6 bxc6 12. Rc1 Rb8 13. Na4 f5 14. exf5 gxf5 15. f4
e4 16. Bc2 Bd7 17. Bd4 c5 18. Bxg7 Kxg7 19. Nec3 Qf6 20. b3 Qd4+ 21. Kh1 Nb4 22.
Bb1 Kh8 23. a3 Nc6 24. Nb5 Qxd1 25. Rfxd1 Nd4 26. Nxd4 cxd4 27. Rxd4 Rxb3 28. c5
Bxa4 29. Rxa4 dxc5 30. Rxa5 Nd6 1/2-1/2